000 00752nam a2200241Ia 4500
003 OSt
005 20220926014354.0
006 a|||||r|||| 00| 0
007 ta
008 220923b |||||||| |||| 00| 0 eng d
037 _cGeneral Book
040 _aRTL
_cRTL
_beng
041 _2eng
_aeng
082 _aX:8:(B28), L1
100 _aBoot John C. G.
_9254817
245 0 _aStatistical analysis for managerial decisions
260 _aNew York
_bMcGraw Hill U. S. A.
_c1971
300 _axiv, 641p. Bibliography p.627-31; Appendix p.593-626
_ccm.
650 _aStatistical Management
_9244227
700 _a Cox Edwin B.
_9320507
942 _hX:8:(B28), L1
_cGB
_2CC
999 _c628846
_d628846